A compendium on maternal mortality research in Bangladesh /
Contributed articles.
| Співавтор: | |
|---|---|
| Інші автори: | |
| Формат: | Книга |
| Мова: | English |
| Опубліковано: |
Dhaka :
Bangladesh Institute of Research for Promotion of Essential & Reproductive Health and Technologies,
[1998]
|
| Серія: | BIRPERHT publication ;
no. 120 Technical report (Bangladesh Institute of Research for Promotion of Essential & Reproductive Health and Technologies) ; no. 68. |
| Предмети: | |
| Classic Catalogue: | View this record in Classic Catalogue |
| LEADER | 01557nam a2200325 a 4500 | ||
|---|---|---|---|
| 001 | 7770 | ||
| 003 | BD-DhAAL | ||
| 008 | 090504s1998 bg a b 000 0 eng d | ||
| 999 | |c 361 |d 361 | ||
| 010 | |a 99938391 | ||
| 020 | |a 9848227059 | ||
| 040 | |a DLC |c DLC |d DLC |d BD-DhAAL | ||
| 082 | 0 | 0 | |a 618.79095492 |2 21 |
| 245 | 0 | 2 | |a A compendium on maternal mortality research in Bangladesh / |c [compilation and editing, Halida Hanum Akhter ... et al.]. |
| 260 | |a Dhaka : |b Bangladesh Institute of Research for Promotion of Essential & Reproductive Health and Technologies, |c [1998] | ||
| 300 | |a iii, 207 pages : |b illustrations ; |c 26 cm. | ||
| 440 | 0 | |a BIRPERHT publication ; |v no. 120 |9 41754 | |
| 490 | 0 | |a Technical report ; |v no. 68 | |
| 500 | |a "Dhaka, November 1998." | ||
| 504 | |a Includes bibliographical references (page iii). | ||
| 520 | |a Contributed articles. | ||
| 541 | |e 7770 | ||
| 650 | 0 | |a Mothers |x Mortality |z Bangladesh. |9 41755 | |
| 650 | 0 | |a Health services accessibility |z Bangladesh. |9 41756 | |
| 700 | 1 | |a Akhtar, Halida Hanum. |9 41757 | |
| 710 | 2 | |a Bangladesh Institute of Research for Promotion of Essential & Reproductive Health and Technologies. |9 41758 | |
| 830 | 0 | |a Technical report (Bangladesh Institute of Research for Promotion of Essential & Reproductive Health and Technologies) ; |v no. 68. |9 41759 | |
| 852 | |a Ayesha Abed Librarry |c General Stacks | ||
| 942 | |2 ddc |c BK | ||
| 952 | |0 0 |1 0 |2 ddc |4 0 |6 618_790954920000000_COM_1998 |7 0 |9 327 |a BRACUL |b BRACUL |c GEN |d 2009-05-04 |g 200.00 |l 0 |o 618.79095492 COM |p 3010007770 |r 2009-05-04 |t 1 |v 400.00 |w 2009-05-04 |y BK | ||